000 00605cam a22001931 4500
001 sa 63004733
003 DLC
005 20260227111951.0
008 770923s1917 ii 000 0 eng
010 _asa 63004733
035 _a(OCoLC)3289412
040 _aDLC
_cNSyU
_dDLC
050 0 0 _aDS486.B7
_bS52
100 1 _aSheppard, Samuel T.
_q(Samuel Townsend),
_d1880-
245 1 0 _aBombay place-names and street-names;
_ban excursion into the by-ways of the history of Bombay City.
260 _aBombay,
_bTimes Press,
_c1917.
300 _a148 p.
_c22 cm.
650 0 _aNames, Geographical
_zIndia
_zMumbai.
999 _c55830
_d55830